[Event "Pardubice Czech op-A 28th"]
[Site "Pardubice"]
[Date "2017.07.24"]
[Round "4"]
[White "Pcola, Jaroslav1111"]
[Black "Shemeakin, Alexander"]
[Result "0-1"]
[WhiteElo "2071"]
[BlackElo "2276"]
[PlyCount "130"]
[EventDate "2017.07.21"]
[EventType "swiss"]
[EventRounds "9"]
[EventCountry "CZE"]
[SourceTitle "CBM 179 Extra"]
[Source "ChessBase"]
[SourceDate "2017.08.23"]
[SourceVersion "1"]
[SourceVersionDate "2017.08.23"]
[SourceQuality "1"]

1. c4 c6 2. Nf3 d5 3. d4 Nf6 4. Nc3 a6 5. c5 Bf5 6. Bf4 Nbd7 7. h3 e6 8. e3 Be7 9. Be2 0-0 10. Nd2 b6 11. cxb6 Qxb6 12. Na4 Qa7 13. 0-0 c5 14. Nxc5 Nxc5 15. dxc5 Qxc5 16. Nb3 Qb4 17. Qd4 Rfc8 18. Qxb4 Bxb4 19. Rfc1 Re8 20. a3 Bf8 21. Nc5 e5 22. Bg3 d4 23. exd4 exd4 24. Bd3 Bxd3 25. Nxd3 Ne4 26. Bc7 Nd2 27. Rd1 Nb3 28. Rab1 Rac8 29. Bf4 Re4 30. Re1 Rxe1+ 31. Rxe1 f6 32. Re6 g5 33. Rb6 Nc5 34. Nxc5 Rxc5 35. Bd6 Rc1+ 36. Kh2 d3 37. Bxf8 d2 38. Rd6 d1Q 39. Rxd1 Rxd1 40. Bb4 h5 41. g4 Kg7 42. Bc3 Rd6 43. a4 Kg6 44. a5 f5 45. gxh5+ Kxh5 46. Kg2 Kh4 47. Be5 Rd5 48. Bc3 Rd3 49. Bf6 Kh5 50. b4 g4 51. hxg4+ Kxg4 52. Be7 f4 53. Bc5 f3+ 54. Kh2 Rd5 55. Bb6 Rh5+ 56. Kg1 Kf4 57. Bc5 Ke4 58. Be3 Kd3 59. Bc5 Ke2 60. Bb6 Rh4 61. Bc5 Ke1 62. Bb6 Rxb4 63. Kh2 Rg4 64. Kh3 Rg2 65. Bc5 Ke2 0-1

[Event "Pardubice Czech op-A 28th"]
[Site "Pardubice"]
[Date "2017.07.22"]
[Round "2"]
[White "Plat, Vojtech"]
[Black "Shemeakin, Alexander"]
[Result "1-0"]
[WhiteElo "2531"]
[BlackElo "2276"]
[PlyCount "107"]
[EventDate "2017.07.21"]
[EventType "swiss"]
[EventRounds "9"]
[EventCountry "CZE"]
[SourceTitle "CBM 179 Extra"]
[Source "ChessBase"]
[SourceDate "2017.08.23"]
[SourceVersion "1"]
[SourceVersionDate "2017.08.23"]
[SourceQuality "1"]

1. d4 d5 2. c4 c6 3. Nc3 Nf6 4. Nf3 a6 5. e3 b5 6. b3 Bf5 7. Bd3 Bxd3 8. Qxd3 e6 9. 0-0 Be7 10. Bd2 Nbd7 11. Rac1 0-0 12. Ne2 Ne4 13. Ng3 bxc4 14. bxc4 Nd6 15. c5 Nc4 16. e4 Nxd2 17. Qxd2 Nf6 18. exd5 Nxd5 19. Ne5 Qc7 20. Ne4 Nf6 21. Qc2 Rad8 22. Rfd1 Nxe4 23. Qxe4 Rd5 24. Nc4 Rfd8 25. Nb6 Rh5 26. g3 Rf5 27. Rd3 h5 28. h4 g5 29. hxg5 Rxg5 30. Nc4 Bf6 31. Ne3 Rb8 32. Qf3 Kg7 33. Ng2 Rh8 34. Nf4 Rf5 35. Re1 h4 36. Qe4 Qd7 37. Rb1 hxg3 38. Rxg3+ Rg5 39. Rxg5+ Bxg5 40. Qe5+ Bf6 41. Nh5+ Rxh5 42. Qxh5 Kf8 43. Qh6+ Ke7 44. Rb8 e5 45. Qf8+ Ke6 46. Qe8+ Qxe8 47. Rxe8+ Kd7 48. Ra8 exd4 49. Rxa6 Be7 50. Ra7+ Ke6 51. Rc7 Bxc5 52. Rxc6+ Kd5 53. Rf6 d3 54. Kf1 1-0

[Event "Pardubice op rapid 28th"]
[Site "Pardubice"]
[Date "2017.07.20"]
[Round "8"]
[White "Shilov, Sergej"]
[Black "Shemeakin, Alexander"]
[Result "0-1"]
[WhiteElo "2162"]
[BlackElo "2276"]
[PlyCount "113"]
[EventDate "2017.07.19"]
[EventType "swiss (rapid)"]
[EventRounds "9"]
[EventCountry "CZE"]
[SourceTitle "CBM 179 Extra"]
[Source "ChessBase"]
[SourceDate "2017.08.23"]
[SourceVersion "1"]
[SourceVersionDate "2017.08.23"]
[SourceQuality "1"]

1. e4 e6 2. d4 d5 3. Nc3 Nf6 4. Bg5 dxe4 5. Nxe4 Nbd7 6. Nxf6+ Nxf6 7. Nf3 h6 8. Bh4 c5 9. Bb5+ Bd7 10. Bxd7+ Qxd7 11. Bxf6 gxf6 12. dxc5 Bxc5 13. Qxd7+ Kxd7 14. Ke2 Rac8 15. Rhd1+ Ke7 16. c3 Rhg8 17. g3 Rg4 18. Rd3 Re4+ 19. Kf1 Rd8 20. Rxd8 Kxd8 21. Rd1+ Kc7 22. b4 Bf8 23. Nd2 Rg4 24. f3 Rg8 25. a4 f5 26. Ke2 h5 27. Nc4 f6 28. f4 h4 29. Kf3 hxg3 30. hxg3 Rh8 31. Kg2 Rh7 32. Re1 Re7 33. Kf3 Bg7 34. a5 Kc6 35. Rd1 Kb5 36. Nd6+ Ka4 37. Re1 Bf8 38. Re3 a6 39. Nc8 Re8 40. Nb6+ Kb3 41. Rd3 e5 42. Rd7 Re7 43. Rd8 Bg7 44. Nd5 Rf7 45. Rc8 Rd7 46. c4 Rf7 47. Ke3 Bf8 48. b5 Ka4 49. bxa6 bxa6 50. c5 Kb5 51. c6 Bd6 52. c7 Kc6 53. Ra8 Bxc7 54. Nxc7 Rxc7 55. Rxa6+ Kd5 56. Rxf6 Rc3+ 57. Kd2 0-1

[Event "Marianske Lazne op 16th"]
[Site "Marianske Lazne"]
[Date "2017.01.27"]
[Round "8"]
[White "Shemeakin, Alexander"]
[Black "Roesemann, Rainer"]
[Result "1/2-1/2"]
[WhiteElo "2266"]
[BlackElo "2265"]
[PlyCount "25"]
[EventDate "2017.01.21"]
[EventType "swiss"]
[EventRounds "9"]
[EventCountry "CZE"]
[SourceTitle "CBM 176 Extra"]
[Source "ChessBase"]
[SourceDate "2017.03.02"]
[SourceVersion "1"]
[SourceVersionDate "2017.03.02"]
[SourceQuality "1"]

1. d4 Nf6 2. c4 e6 3. Nc3 Bb4 4. Qc2 0-0 5. a3 Bxc3+ 6. Qxc3 b6 7. Bg5 Ba6 8. Qf3 Nc6 9. e3 h6 10. Bxf6 Qxf6 11. Qxf6 gxf6 12. Nf3 Ne7 13. Be2 1/2-1/2

[Event "RUS-ch rapid"]
[Site "Sochi"]
[Date "2016.10.02"]
[Round "3"]
[White "Shemeakin, Alexander"]
[Black "Morozevich, Alexander"]
[Result "0-1"]
[WhiteElo "2266"]
[BlackElo "2683"]
[PlyCount "46"]
[EventDate "2016.10.02"]
[EventType "swiss (rapid)"]
[EventRounds "10"]
[EventCountry "RUS"]
[SourceTitle "CBM 174 Extra"]
[Source "ChessBase"]
[SourceDate "2016.10.10"]
[SourceVersion "1"]
[SourceVersionDate "2016.10.10"]
[SourceQuality "1"]

1. d4 e6 2. c4 b6 3. Nc3 Bb4 4. Qc2 Bb7 5. e4 c5 6. d5 Qe7 7. Be2 f5 8. Nh3 fxe4 9. Bg5 Nf6 10. 0-0-0 Bxc3 11. Qxc3 0-0 12. f3 exd5 13. cxd5 d6 14. Nf4 Nbd7 15. Ne6 Rf7 16. Bc4 Ne5 17. f4 Nxc4 18. Qxc4 Bxd5 19. Rxd5 Qxe6 20. Rxc5 d5 21. Rc6 Qd7 22. Qc2 Ng4 23. Rc3 d4 0-1

[Event "Chigorin Memorial 23rd"]
[Site "St Petersburg"]
[Date "2015.10.07"]
[Round "5"]
[White "Amonatov, Farrukh"]
[Black "Shemeakin, Alexander"]
[Result "1-0"]
[WhiteElo "2591"]
[BlackElo "2275"]
[PlyCount "99"]
[EventDate "2015.10.03"]
[EventType "swiss"]
[EventRounds "9"]
[EventCountry "RUS"]
[SourceTitle "CBM 168 Extra"]
[Source "ChessBase"]
[SourceDate "2015.10.29"]
[SourceVersion "1"]
[SourceVersionDate "2015.10.29"]
[SourceQuality "1"]

1. e4 e6 2. d4 d5 3. Nc3 Nf6 4. Bg5 dxe4 5. Nxe4 Nbd7 6. Nf3 h6 7. Nxf6+ Nxf6 8. Be3 Bd6 9. Bd3 b6 10. Qe2 Bb7 11. 0-0-0 0-0 12. Ne5 Qe7 13. f4 c5 14. c4 Rfd8 15. Rhf1 Rac8 16. Kb1 cxd4 17. Bxd4 Bc5 18. Bc3 Bb4 19. Bxb4 Qxb4 20. g4 b5 21. a3 Qc5 22. cxb5 Nd5 23. g5 Ne3 24. gxh6 g6 25. Rc1 Qd4 26. Rxc8 Rxc8 27. Re1 Ng2 28. h7+ Kg7 29. Rf1 Nxf4 30. Qe1 f6 31. Rxf4 Qxf4 32. Nxg6 Qf3 33. Bc2 f5 34. Qg1 Kxh7 35. Ne7 Qh5 36. Nxc8 Bxc8 37. Qxa7+ Kg6 38. Qc7 Qh8 39. b6 Ba6 40. b7 Bxb7 41. Qxb7 Qxh2 42. a4 Qd2 43. Qb6 Kf6 44. Bb3 Qe1+ 45. Ka2 f4 46. Qd8+ Kf5 47. Qf8+ Ke4 48. Bxe6 f3 49. Qf5+ Kd4 50. Qd5+ 1-0

[Event "Chigorin Memorial blitz 23rd"]
[Site "St Petersburg"]
[Date "2015.10.02"]
[Round "5"]
[White "Sandipan, Chanda"]
[Black "Shemeakin, Alexander"]
[Result "1-0"]
[WhiteElo "2567"]
[BlackElo "2275"]
[PlyCount "83"]
[EventDate "2015.10.02"]
[EventType "swiss (blitz)"]
[EventRounds "13"]
[EventCountry "RUS"]
[SourceTitle "CBM 168 Extra"]
[Source "ChessBase"]
[SourceDate "2015.10.29"]
[SourceVersion "1"]
[SourceVersionDate "2015.10.29"]
[SourceQuality "1"]

1. d4 d5 2. c4 c6 3. Nf3 Nf6 4. e3 a6 5. Nc3 b5 6. b3 Bg4 7. Be2 e6 8. 0-0 Bd6 9. Ne5 Bxe2 10. Qxe2 0-0 11. Bd2 Qe7 12. Rfe1 Rc8 13. Nf3 Nbd7 14. c5 Bc7 15. b4 a5 16. a3 e5 17. e4 axb4 18. axb4 Rxa1 19. Rxa1 dxe4 20. Nxe4 exd4 21. Re1 Nxe4 22. Qxe4 Qxe4 23. Rxe4 Nf6 24. Rxd4 Nd5 25. Re4 f6 26. Kf1 Kf7 27. g3 Rd8 28. Nd4 Ra8 29. Nxc6 Ra2 30. Ke1 Rb2 31. h4 f5 32. Rd4 Ke6 33. Kd1 Be5 34. Nd8+ Ke7 35. Rxd5 Bf6 36. Nc6+ Kf7 37. Nd4 Rb1+ 38. Ke2 Rb2 39. c6 Bxd4 40. Rxd4 Rc2 41. Rd5 Rxc6 42. Rxf5+ 1-0

[Event "Chigorin Memorial blitz 23rd"]
[Site "St Petersburg"]
[Date "2015.10.02"]
[Round "9"]
[White "Shemeakin, Alexander"]
[Black "Bodnaruk, Anastasia"]
[Result "0-1"]
[WhiteElo "2275"]
[BlackElo "2459"]
[PlyCount "68"]
[EventDate "2015.10.02"]
[EventType "swiss (blitz)"]
[EventRounds "13"]
[EventCountry "RUS"]
[SourceTitle "CBM 168 Extra"]
[Source "ChessBase"]
[SourceDate "2015.10.29"]
[SourceVersion "1"]
[SourceVersionDate "2015.10.29"]
[SourceQuality "1"]

1. d4 Nf6 2. c4 g6 3. Nc3 Bg7 4. e4 d6 5. Nge2 0-0 6. Ng3 e5 7. d5 a5 8. Be2 Na6 9. 0-0 h5 10. Bg5 Qe8 11. Qd2 Nh7 12. Be3 h4 13. Nh1 f5 14. exf5 Bxf5 15. f3 Nc5 16. Nf2 b6 17. Nfe4 Nf6 18. Nxc5 bxc5 19. Bg5 e4 20. Rae1 Nh7 21. fxe4 Bxc3 22. bxc3 Qxe4 23. Bh6 Rfe8 24. h3 Rab8 25. Bf3 Qxc4 26. Qf2 Qxc3 27. Bg4 Qd4 28. Be3 Qxd5 29. Qxh4 Bd3 30. Rf3 Rb2 31. Bc1 Rxe1+ 32. Qxe1 Re2 33. Qd1 c4 34. Rxd3 Qxg2# 0-1

[Event "RUS-ch Higher League 68th"]
[Site "Kaliningrad"]
[Date "2015.07.01"]
[Round "9"]
[White "Shemeakin, Alexander"]
[Black "Gontcharov, Vladislav"]
[Result "0-1"]
[WhiteElo "2264"]
[BlackElo "2431"]
[PlyCount "110"]
[EventDate "2015.06.22"]
[EventType "swiss"]
[EventRounds "9"]
[EventCountry "RUS"]
[SourceTitle "EXT 2017"]
[Source "ChessBase"]
[SourceDate "2016.10.25"]
[SourceVersion "1"]
[SourceVersionDate "2016.10.25"]
[SourceQuality "1"]

1. d4 d5 2. c4 e6 3. Nf3 c6 4. Qc2 Nf6 5. g3 Na6 6. Nbd2 c5 7. Bg2 Nb4 8. Qb3 cxd4 9. 0-0 Nc6 10. Rd1 Be7 11. cxd5 Nxd5 12. Nc4 Bf6 13. e4 dxe3 14. fxe3 Qe7 15. e4 Qc5+ 16. Kh1 Nb6 17. Nd6+ Kf8 18. Bf4 Qb4 19. Qxb4 Nxb4 20. a3 Nc6 21. e5 Be7 22. Rac1 Nd5 23. b4 a6 24. Nd4 g5 25. Bxd5 exd5 26. Nxc8 Rxc8 27. Be3 Kg7 28. Nf5+ Kg6 29. g4 Rhe8 30. Rxd5 Bf8 31. Bb6 Ra8 32. Bc7 Re6 33. Bd6 Bg7 34. Rxc6 bxc6 35. Rc5 Rae8 36. Nxg7 Kxg7 37. Rxc6 f6 38. Rxa6 fxe5 39. Ra7+ Kg6 40. Bc5 e4 41. Be3 Rf8 42. Rc7 Rf3 43. Rc3 h5 44. b5 Rd6 45. a4 h4 46. h3 Rd3 47. Rc6+ Rf6 48. Rxf6+ Kxf6 49. Bc5 Rxh3+ 50. Kg2 Rg3+ 51. Kf2 Rf3+ 52. Kg1 Ke6 53. a5 Kd5 54. b6 Kxc5 55. b7 Rf8 0-1

[Event "RUS-ch Higher League 68th"]
[Site "Kaliningrad"]
[Date "2015.06.29"]
[Round "7"]
[White "Shemeakin, Alexander"]
[Black "Airapetian, Gor"]
[Result "1-0"]
[WhiteElo "2264"]
[BlackElo "2444"]
[PlyCount "137"]
[EventDate "2015.06.22"]
[EventType "swiss"]
[EventRounds "9"]
[EventCountry "RUS"]
[SourceTitle "EXT 2017"]
[Source "ChessBase"]
[SourceDate "2016.10.25"]
[SourceVersion "1"]
[SourceVersionDate "2016.10.25"]
[SourceQuality "1"]

1. d4 Nf6 2. c4 c5 3. d5 b5 4. Nf3 bxc4 5. Nc3 g6 6. e4 d6 7. e5 dxe5 8. Nxe5 Bg7 9. Bxc4 0-0 10. 0-0 Bb7 11. Re1 Ne8 12. Bf4 Nd6 13. Qb3 Nd7 14. Bf1 Nxe5 15. Bxe5 Bxe5 16. Rxe5 f6 17. Ree1 Rf7 18. Rac1 Qb6 19. Qc2 Rc8 20. Red1 Qa5 21. g3 Kg7 22. Bh3 f5 23. Re1 Rcf8 24. Rcd1 c4 25. Qe2 Qc5 26. Qe5+ Kg8 27. Rd2 Bc8 28. Qd4 Qxd4 29. Rxd4 Ba6 30. Rd2 Rc8 31. f3 Rc7 32. Rde2 Kf8 33. Bf1 Rf6 34. Kf2 Nb7 35. Re6 Rxe6 36. Rxe6 Nd6 37. Re2 Rc5 38. Rd2 Ke8 39. Ke3 Kd7 40. Kd4 Rc8 41. b4 e6 42. dxe6+ Kxe6 43. Re2+ Kf7 44. Re5 Rd8 45. Ke3 Bb7 46. a4 Kf6 47. f4 g5 48. b5 gxf4+ 49. gxf4 Rc8 50. Bh3 Rg8 51. Kd4 Rg1 52. a5 Rh1 53. Re2 Rc1 54. Bg2 Bxg2 55. Rxg2 Ne4 56. Nxe4+ fxe4 57. Kxe4 Rd1 58. Rg5 c3 59. Rc5 Ra1 60. a6 Ra4+ 61. Kd5 Rb4 62. Kc6 Rb3 63. Kb7 c2 64. Kxa7 Rxb5 65. Rxc2 Kf5 66. Rc7 h5 67. Rb7 Ra5 68. Kb6 Ra1 69. a7 1-0

[Event "RUS-ch Higher League 68th"]
[Site "Kaliningrad"]
[Date "2015.06.26"]
[Round "5"]
[White "Shemeakin, Alexander"]
[Black "Yanchenko, Roman"]
[Result "1-0"]
[WhiteElo "2264"]
[BlackElo "2384"]
[PlyCount "95"]
[EventDate "2015.06.22"]
[EventType "swiss"]
[EventRounds "9"]
[EventCountry "RUS"]
[SourceTitle "EXT 2017"]
[Source "ChessBase"]
[SourceDate "2016.10.25"]
[SourceVersion "1"]
[SourceVersionDate "2016.10.25"]
[SourceQuality "1"]

1. d4 Nf6 2. c4 e6 3. Nf3 d5 4. Nc3 Be7 5. Bf4 0-0 6. e3 Nbd7 7. Qc2 c6 8. h3 h6 9. a3 b6 10. cxd5 cxd5 11. Nb5 Bb7 12. Nd6 Bxd6 13. Bxd6 Re8 14. Bd3 Rc8 15. Qe2 Rc6 16. Bh2 Qc8 17. 0-0 a6 18. a4 Ne4 19. Rfd1 Qa8 20. Bb5 axb5 21. axb5 Rc4 22. Rxa8 Rxa8 23. Ne5 Nxe5 24. Bxe5 f6 25. f3 Ng5 26. Bf4 Nf7 27. Qd3 Ra2 28. Rb1 Bc8 29. Qd2 Bd7 30. Rc1 Bxb5 31. Rxc4 Bxc4 32. Qb4 g5 33. Bc7 b5 34. e4 Ra1+ 35. Kh2 Kg7 36. e5 fxe5 37. Bxe5+ Nxe5 38. dxe5 Ra7 39. b3 Bf1 40. Qe1 Bc4 41. bxc4 bxc4 42. Qb4 Rd7 43. Qb5 Re7 44. Qc6 Kf7 45. Kg3 d4 46. Qxc4 Rd7 47. Qd3 Kg7 48. Kg4 1-0

[Event "RUS-chT rapid"]
[Site "Sochi"]
[Date "2015.05.09"]
[Round "7.34"]
[White "Shemeakin, Alexander"]
[Black "Sychev, Klementy"]
[Result "1/2-1/2"]
[WhiteElo "2247"]
[BlackElo "2425"]
[PlyCount "147"]
[EventDate "2015.05.08"]
[EventType "team-swiss"]
[EventRounds "9"]
[EventCountry "RUS"]
[SourceTitle "CBM 166 Extra"]
[Source "ChessBase"]
[SourceDate "2015.06.18"]
[SourceVersion "1"]
[SourceVersionDate "2015.06.18"]
[SourceQuality "1"]
[WhiteTeam "Crimea"]
[BlackTeam "Moscow Academy"]
[WhiteTeamCountry "RUS"]
[BlackTeamCountry "RUS"]

1. d4 d5 2. c4 c6 3. Nf3 Nf6 4. Nc3 a6 5. Ne5 dxc4 6. Nxc4 b5 7. Ne5 Bb7 8. Bg5 e6 9. e3 Be7 10. Be2 Nbd7 11. Bf3 Nxe5 12. dxe5 Nd7 13. Bf4 Qc7 14. 0-0 Nxe5 15. a4 Rd8 16. Bxe5 Qxe5 17. Qc2 0-0 18. Rfc1 Bf6 19. Rab1 Rd7 20. Ne4 Be7 21. b4 Rfd8 22. g3 h6 23. Kg2 Kh8 24. h4 Kg8 25. a5 Kh8 26. Nc5 Bxc5 27. Qxc5 Qxc5 28. Rxc5 Rd6 29. Rbc1 Rc8 30. g4 Kg8 31. Kg3 Kf8 32. Bg2 Ke7 33. f4 Rd3 34. R1c3 Rxc3 35. Rxc3 Kd6 36. e4 Kc7 37. f5 e5 38. g5 hxg5 39. hxg5 Rd8 40. Kg4 Rd4 41. Rh3 Rd8 42. Rh7 Rg8 43. f6 Bc8+ 44. Kh5 g6+ 45. Kh4 Be6 46. Bh3 Kd6 47. Kg3 Bxh3 48. Rxh3 Ke6 49. Kf2 Rd8 50. Rc3 Rd6 51. Ke3 Kd7 52. Rc5 Re6 53. Rc1 Re8 54. Rd1+ Kc7 55. Rh1 Rd8 56. Rh7 Rf8 57. Rh1 Rd8 58. Rh7 Rf8 59. Rh1 Kd7 60. Rd1+ Ke6 61. Rc1 Rc8 62. Rc2 Rc7 63. Rc1 Rc8 64. Rc2 Kd7 65. Rd2+ Kc7 66. Rh2 Rf8 67. Rh1 Kc8 68. Rc1 Kc7 69. Rh1 Kc8 70. Rc1 Kd7 71. Rd1+ Ke6 72. Rc1 Rc8 73. Rc2 Rc7 74. Rc1 1/2-1/2

[Event "RUS-chT rapid"]
[Site "Sochi"]
[Date "2015.05.08"]
[Round "2.30"]
[White "Goganov, Aleksey"]
[Black "Shemeakin, Alexander"]
[Result "1/2-1/2"]
[WhiteElo "2609"]
[BlackElo "2247"]
[PlyCount "104"]
[EventDate "2015.05.08"]
[EventType "team-swiss"]
[EventRounds "9"]
[EventCountry "RUS"]
[SourceTitle "CBM 166 Extra"]
[Source "ChessBase"]
[SourceDate "2015.06.18"]
[SourceVersion "1"]
[SourceVersionDate "2015.06.18"]
[SourceQuality "1"]
[WhiteTeam "Nizhny Tagil Politekhnik"]
[BlackTeam "Crimea"]
[WhiteTeamCountry "RUS"]
[BlackTeamCountry "RUS"]

1. Nf3 d5 2. g3 c6 3. Bg2 Nf6 4. 0-0 Bf5 5. d3 h6 6. Nbd2 e6 7. b3 Be7 8. Bb2 0-0 9. Re1 a5 10. a3 Bh7 11. e4 c5 12. exd5 exd5 13. Ne5 Nc6 14. a4 Re8 15. Ndf3 Bd6 16. Qd2 Nxe5 17. Nxe5 Qc7 18. Nf3 d4 19. Rxe8+ Rxe8 20. Re1 Bf5 21. Rxe8+ Nxe8 22. Qe1 Kf8 23. Nd2 b6 24. Nc4 Be6 25. Nxd6 Qxd6 26. Qe4 Nf6 27. Qa8+ Ke7 28. Qb7+ Nd7 29. Bc1 Qe5 30. Qe4 Qxe4 31. Bxe4 g5 32. h4 f6 33. Bg2 Kd6 34. hxg5 hxg5 35. Kf1 Bd5 36. Bxd5 Kxd5 37. f3 Ke5 38. Kf2 Nb8 39. f4+ Kf5 40. fxg5 fxg5 41. Kf3 g4+ 42. Ke2 Na6 43. Bf4 Ke6 44. Kd2 Kd5 45. Ke2 Kc6 46. Kd2 Nb4 47. Be5 Nd5 48. Bb8 b5 49. axb5+ Kxb5 50. Bd6 Kc6 51. Be5 Ne3 52. Bf4 Nd5 1/2-1/2

[Event "RUS-chT2"]
[Site "Sochi"]
[Date "2015.05.07"]
[Round "7.6"]
[White "Pogosian, Manvel"]
[Black "Shemeakin, Alexander"]
[Result "1/2-1/2"]
[WhiteElo "2378"]
[BlackElo "2247"]
[PlyCount "101"]
[EventDate "2015.05.01"]
[EventType "team-swiss"]
[EventRounds "7"]
[EventCountry "RUS"]
[SourceTitle "CBM 166 Extra"]
[Source "ChessBase"]
[SourceDate "2015.06.18"]
[SourceVersion "1"]
[SourceVersionDate "2015.06.18"]
[SourceQuality "1"]
[WhiteTeam "Tula Region Dolphin"]
[BlackTeam "Crimea"]
[WhiteTeamCountry "RUS"]
[BlackTeamCountry "RUS"]

1. d4 d5 2. c4 c6 3. Nc3 Nf6 4. Nf3 a6 5. Bg5 Ne4 6. Bf4 Nxc3 7. bxc3 dxc4 8. e4 b5 9. Ne5 Be6 10. Qh5 Qc8 11. Be2 Nd7 12. 0-0 g6 13. Qh4 Bg7 14. Nxc6 Qxc6 15. d5 Bxd5 16. exd5 Qf6 17. Bg5 Qxc3 18. d6 Qd4 19. Qxd4 Bxd4 20. Rad1 Bf6 21. Bf3 0-0-0 22. dxe7 Bxg5 23. exd8Q+ Rxd8 24. Rd6 Nb8 25. Rxd8+ Kxd8 26. Rb1 c3 27. Be4 f5 28. Bd3 Nd7 29. Kf1 Nc5 30. Bc2 Kc7 31. Ke2 Kc6 32. g3 Bd2 33. h4 Ne6 34. Kd3 a5 35. Rh1 h5 36. Bb3 Nc5+ 37. Kc2 Na6 38. a3 a4 39. Bf7 Kc5 40. Kd3 Kb6 41. Rb1 Ka5 42. Ra1 b4 43. axb4+ Nxb4+ 44. Ke2 Nc2 45. Ra2 Nb4 46. Rxd2 cxd2 47. Kxd2 a3 48. Kc3 a2 49. Kb2 Nd3+ 50. Kxa2 Nxf2 51. Bxg6 1/2-1/2

[Event "Gelendzhik op"]
[Site "Gelendzhik"]
[Date "2015.01.07"]
[Round "4"]
[White "Shemeakin, Alexander"]
[Black "Rolgeizer, Genrikh"]
[Result "1-0"]
[WhiteElo "2266"]
[BlackElo "1786"]
[PlyCount "99"]
[EventDate "2015.01.04"]
[EventType "swiss"]
[EventRounds "9"]
[EventCountry "RUS"]
[SourceTitle "CBM 164 Extra"]
[Source "ChessBase"]
[SourceDate "2015.03.02"]
[SourceVersion "1"]
[SourceVersionDate "2015.03.02"]
[SourceQuality "1"]

1. d4 Nf6 2. c4 g6 3. Nc3 Bg7 4. e4 d6 5. f3 Nbd7 6. Nge2 a6 7. Be3 Rb8 8. a4 0-0 9. Qd2 Re8 10. Nc1 Nf8 11. Be2 Bd7 12. 0-0 e5 13. Nb3 Nh5 14. Rfd1 Bc6 15. d5 Bd7 16. c5 f5 17. Rac1 Nf4 18. Bf1 fxe4 19. Nxe4 Bxa4 20. Qb4 Bxb3 21. Qxb3 Qe7 22. cxd6 cxd6 23. Qb6 Bh6 24. Kh1 Bg7 25. Rc7 Qd8 26. Qxd6 Qxd6 27. Nxd6 Red8 28. Nxb7 Rxd5 29. Bc4 N8e6 30. Rxd5 Kh8 31. Rdd7 Nxc7 32. Rxc7 Nh5 33. Nd6 h6 34. Rc8+ Rxc8 35. Nxc8 e4 36. b4 exf3 37. gxf3 Bc3 38. Bc5 Nf6 39. Bxa6 Nd7 40. Nd6 Ne5 41. Be2 Nd7 42. Ne4 Be5 43. b5 Kg7 44. Bc4 Bc7 45. Bd4+ Kf8 46. Nc5 Ke7 47. Nxd7 Kxd7 48. b6 Bb8 49. Bd5 g5 50. Bf2 1-0

[Event "Chigorin Memorial 22nd"]
[Site "St Petersburg"]
[Date "2014.10.25"]
[Round "8"]
[White "Shemeakin, Alexander"]
[Black "Krapivin, Alexander"]
[Result "0-1"]
[WhiteElo "2270"]
[BlackElo "2442"]
[PlyCount "112"]
[EventDate "2014.10.18"]
[EventType "swiss"]
[EventRounds "9"]
[EventCountry "RUS"]
[SourceTitle "EXT 2015"]
[Source "ChessBase"]
[SourceDate "2014.11.20"]
[SourceVersion "1"]
[SourceVersionDate "2014.11.20"]
[SourceQuality "1"]

1. d4 d5 2. c4 e6 3. Nf3 c6 4. Qc2 f5 5. Bf4 Nf6 6. e3 Bd6 7. Bd3 0-0 8. 0-0 Bxf4 9. exf4 dxc4 10. Bxc4 Nd5 11. Bxd5 cxd5 12. Nbd2 Nc6 13. Qc5 Qb6 14. Nb3 Bd7 15. Rac1 Rac8 16. Qxb6 axb6 17. a3 h6 18. h4 Kf7 19. Rc3 Ke7 20. Rfc1 Ra8 21. Kh2 Rh8 22. Kg3 Ra4 23. Rd1 Be8 24. Rdd3 Rg8 25. Nbd2 Bh5 26. Rb3 Bxf3 27. Nxf3 Ra6 28. Rb5 Kd6 29. Rdb3 Kc7 30. h5 g5 31. hxg6 Rxg6+ 32. Kh3 Rg7 33. g3 h5 34. Re3 Kd6 35. Rbb3 h4 36. Rbd3 hxg3 37. fxg3 Ra4 38. b4 Ra8 39. Re1 Rc8 40. Ng5 Nd8 41. g4 fxg4+ 42. Kxg4 Rc2 43. Ree3 Rg8 44. Rc3 Rxc3 45. Rxc3 Nc6 46. Rd3 b5 47. Rd1 Ke7 48. Rh1 Rg7 49. Rd1 Kf6 50. Kf3 Rg8 51. Ke3 Ra8 52. Rd3 Ne7 53. Kd2 Nf5 54. Nf3 Rh8 55. Ne5 Rh4 56. Kc3 Rxf4 0-1

[Event "Chigorin Memorial 22nd"]
[Site "St Petersburg"]
[Date "2014.10.19"]
[Round "2"]
[White "Pridorozhni, Aleksei"]
[Black "Shemeakin, Alexander"]
[Result "1-0"]
[WhiteElo "2514"]
[BlackElo "2270"]
[PlyCount "89"]
[EventDate "2014.10.18"]
[EventType "swiss"]
[EventRounds "9"]
[EventCountry "RUS"]
[SourceTitle "EXT 2015"]
[Source "ChessBase"]
[SourceDate "2014.11.20"]
[SourceVersion "1"]
[SourceVersionDate "2014.11.20"]
[SourceQuality "1"]

1. e4 e6 2. d4 d5 3. Nc3 Nf6 4. Bg5 dxe4 5. Nxe4 Nbd7 6. Nf3 h6 7. Nxf6+ Nxf6 8. Be3 Nd5 9. Bd2 c5 10. Bb5+ Bd7 11. Bxd7+ Qxd7 12. c4 Nb6 13. Rc1 Rc8 14. dxc5 Rxc5 15. Qe2 Qc7 16. 0-0 Nxc4 17. Bb4 Rc6 18. Bxf8 Kxf8 19. Nd4 Qe5 20. Qxe5 Nxe5 21. Nxc6 Nxc6 22. b4 a6 23. a4 g5 24. b5 axb5 25. axb5 Nd4 26. Rc8+ Kg7 27. Rxh8 Kxh8 28. b6 Kg7 29. Ra1 Nb3 30. Ra7 Nc5 31. f3 Kf6 32. Kf2 h5 33. Ke3 Ke5 34. Ra5 Kd5 35. f4 g4 36. Ra8 Nd7 37. Rh8 Nxb6 38. Rxh5+ Kc4 39. h4 Nd5+ 40. Kd2 Nxf4 41. Rg5 f5 42. g3 Nh3 43. Rg6 Nf2 44. h5 f4 45. gxf4 1-0